[Event "D14blitz"]
[Site "?"]
[Date "2020.08.27"]
[Round "10.1"]
[White "Starosta, Martyna"]
[Black "Janikowska, Wiktoria"]
[Result "1-0"]
[BlackElo "1314"]
[WhiteElo "1722"]
[LiveChessVersion "1.4.4"]

1. e4 {[%clk 0:03:02]} c5 {[%clk 0:03:03]} 2. Nf3 {[%clk 0:03:03]} g6
{[%clk 0:03:05]} 3. d4 {[%clk 0:03:02]} cxd4 {[%clk 0:03:06]} 4. Nxd4
{[%clk 0:03:03]} Nc6 {[%clk 0:03:07]} 5. c4 {[%clk 0:03:03]} Nf6 {[%clk 0:03:07]}
6. Nc3 {[%clk 0:03:04]} d6 {[%clk 0:03:08]} 7. f3 {[%clk 0:03:01]} Bg7
{[%clk 0:03:06]} 8. Be3 {[%clk 0:03:02]} O-O {[%clk 0:03:06]} 9. Be2
{[%clk 0:03:03]} Bd7 {[%clk 0:03:01]} 10. O-O {[%clk 0:03:03]} Ne8
{[%clk 0:02:38]} 11. Kh1 {[%clk 0:03:00]} Qb6 {[%clk 0:02:20]} 12. Nxc6
{[%clk 0:02:42]} Qxc6 {[%clk 0:02:20]} 13. Nd5 {[%clk 0:02:43]} Bf6
{[%clk 0:02:13]} 14. Bd4 {[%clk 0:02:25]} Kg7 {[%clk 0:02:02]} 15. Nxe7
{[%clk 0:02:21]} Qc7 {[%clk 0:01:46]} 16. Nd5 {[%clk 0:02:19]} Be6
{[%clk 0:01:41]} 17. Nxc7 {[%clk 0:02:19]} Nxc7 {[%clk 0:01:39]} 18. Bxf6+
{[%clk 0:02:19]} Kxf6 {[%clk 0:01:39]} 19. f4 {[%clk 0:02:19]} Ke7
{[%clk 0:01:39]} 20. f5 {[%clk 0:02:20]} gxf5 {[%clk 0:01:39]} 21. exf5
{[%clk 0:02:21]} Bd7 {[%clk 0:01:39]} 22. f6+ {[%clk 0:02:22]} Kd8
{[%clk 0:01:40]} 23. Qxd6 {[%clk 0:02:22]} Re8 {[%clk 0:01:39]} 24. Bg4
{[%clk 0:02:23]} Ne6 {[%clk 0:01:38]} 25. Rad1 {[%clk 0:02:23]} Rc8
{[%clk 0:01:38]} 26. Qxd7# {[%clk 0:02:24]} 1-0

[Event "D14blitz"]
[Site "?"]
[Date "2020.08.27"]
[Round "10.2"]
[White "Giemza, Julia"]
[Black "Barwinska, Ewa"]
[Result "0-1"]
[BlackElo "1517"]
[WhiteElo "1284"]
[LiveChessVersion "1.4.4"]

1. e4 {[%clk 0:03:03]} c5 {[%clk 0:03:03]} 2. Nf3 {[%clk 0:03:05]} d6
{[%clk 0:03:04]} 3. d4 {[%clk 0:03:06]} cxd4 {[%clk 0:03:05]} 4. Nxd4
{[%clk 0:03:07]} Nf6 {[%clk 0:03:06]} 5. Nc3 {[%clk 0:03:08]} a6 {[%clk 0:03:07]}
6. Be2 {[%clk 0:03:00]} e5 {[%clk 0:03:08]} 7. Nb3 {[%clk 0:02:56]} Be6
{[%clk 0:03:08]} 8. O-O {[%clk 0:02:56]} Be7 {[%clk 0:03:09]} 9. h3
{[%clk 0:02:53]} O-O {[%clk 0:03:08]} 10. Kh1 {[%clk 0:02:51]} Nbd7
{[%clk 0:03:09]} 11. f4 {[%clk 0:02:47]} exf4 {[%clk 0:03:09]} 12. Bxf4
{[%clk 0:02:48]} Ne5 {[%clk 0:03:10]} 13. g4 {[%clk 0:02:38]} b5 {[%clk 0:03:06]}
14. a3 {[%clk 0:02:32]} Rc8 {[%clk 0:02:59]} 15. Bd3 {[%clk 0:02:30]} Ng6
{[%clk 0:02:48]} 16. Bg3 {[%clk 0:02:27]} Nd7 {[%clk 0:02:44]} 17. Ne2
{[%clk 0:02:04]} Nde5 {[%clk 0:02:42]} 18. Nf4 {[%clk 0:01:57]} Nxf4
{[%clk 0:02:42]} 19. Bxf4 {[%clk 0:01:56]} Bg5 {[%clk 0:02:41]} 20. Qd2
{[%clk 0:01:50]} Bxf4 {[%clk 0:02:37]} 21. Rxf4 {[%clk 0:01:50]} Qh4
{[%clk 0:02:34]} 22. Kg2 {[%clk 0:01:47]} d5 {[%clk 0:02:26]} 23. Nd4
{[%clk 0:01:36]} dxe4 {[%clk 0:02:23]} 24. Bxe4 {[%clk 0:01:36]} Rfd8
{[%clk 0:01:57]} 25. Qe3 {[%clk 0:01:29]} Nc4 {[%clk 0:01:53]} 26. Qe2
{[%clk 0:01:24]} Rxd4 {[%clk 0:01:34]} 27. b3 {[%clk 0:01:17]} Rd2
{[%clk 0:01:29]} 28. Qxd2 {[%clk 0:01:16]} Nxd2 {[%clk 0:01:30]} 29. Bd3
{[%clk 0:01:17]} Bd5+ {[%clk 0:01:30]} 30. Kh2 {[%clk 0:01:16]} Nf3+
{[%clk 0:01:30]} 0-1

[Event "D14blitz"]
[Site "?"]
[Date "2020.08.27"]
[Round "10.3"]
[White "Siekanska, Maria"]
[Black "Tokarz, Izabela"]
[Result "1-0"]
[BlackElo "1504"]
[WhiteElo "1530"]
[LiveChessVersion "1.4.4"]

1. d4 {[%clk 0:03:03]} d5 {[%clk 0:03:03]} 2. c4 {[%clk 0:03:04]} e6 3. Nc3 Nf6
{[%clk 0:03:05]} 4. cxd5 {[%clk 0:03:07]} exd5 {[%clk 0:03:06]} 5. Bg5
{[%clk 0:03:08]} Be7 {[%clk 0:03:07]} 6. e3 {[%clk 0:03:08]} c6 {[%clk 0:03:06]}
7. Bd3 {[%clk 0:03:08]} O-O {[%clk 0:03:02]} 8. Nge2 {[%clk 0:03:09]} Nbd7
{[%clk 0:03:03]} 9. O-O {[%clk 0:03:08]} Re8 {[%clk 0:02:58]} 10. Qc2
{[%clk 0:03:05]} Nf8 {[%clk 0:02:59]} 11. Rad1 {[%clk 0:02:57]} Ng6
{[%clk 0:02:54]} 12. f3 {[%clk 0:02:38]} Be6 {[%clk 0:02:30]} 13. e4
{[%clk 0:02:29]} dxe4 {[%clk 0:02:30]} 14. fxe4 {[%clk 0:02:28]} Ng4
{[%clk 0:02:27]} 15. Bxe7 {[%clk 0:01:58]} Qxe7 {[%clk 0:02:28]} 16. Qc1
{[%clk 0:01:59]} Qc7 {[%clk 0:02:19]} 17. e5 {[%clk 0:01:43]} Qb6
{[%clk 0:01:48]} 18. Kh1 {[%clk 0:01:30]} Rad8 {[%clk 0:01:26]} 19. h3
{[%clk 0:01:26]} Nh6 {[%clk 0:01:27]} 20. Ne4 {[%clk 0:01:17]} Qc7
{[%clk 0:01:16]} 21. Bb1 {[%clk 0:01:00]} Kh8 {[%clk 0:01:09]} 22. Nf4
{[%clk 0:00:56]} Nxf4 {[%clk 0:00:53]} 23. Qxf4 {[%clk 0:00:56]} Qd7
{[%clk 0:00:49]} 24. Ng5 {[%clk 0:00:44]} Rf8 {[%clk 0:00:27]} 25. Nxh7
{[%clk 0:00:41]} Rfe8 {[%clk 0:00:27]} 26. Nf6 {[%clk 0:00:40]} gxf6
{[%clk 0:00:24]} 27. Qxh6+ {[%clk 0:00:41]} Kg8 {[%clk 0:00:24]} 28. exf6
{[%clk 0:00:39]} 1-0

[Event "D14blitz"]
[Site "?"]
[Date "2020.08.27"]
[Round "10.4"]
[White "Mroz, Lena"]
[Black "Rejniak, Zuzanna"]
[Result "1/2-1/2"]
[BlackElo "1587"]
[WhiteElo "1609"]
[LiveChessVersion "1.4.4"]

1. e4 {[%clk 0:03:03]} c5 {[%clk 0:03:04]} 2. Nf3 d6 3. d4 {[%clk 0:03:06]} cxd4
{[%clk 0:03:07]} 4. Nxd4 {[%clk 0:03:07]} Nf6 {[%clk 0:03:08]} 5. Nc3
{[%clk 0:03:07]} a6 {[%clk 0:03:09]} 6. a4 {[%clk 0:03:07]} e5 {[%clk 0:03:09]}
7. Nf3 {[%clk 0:03:08]} Be6 {[%clk 0:03:09]} 8. Ng5 {[%clk 0:03:08]} Be7
{[%clk 0:03:09]} 9. Nxe6 {[%clk 0:03:09]} fxe6 {[%clk 0:03:10]} 10. Be3
{[%clk 0:03:00]} O-O {[%clk 0:03:08]} 11. Bc4 {[%clk 0:02:59]} Qd7
{[%clk 0:02:33]} 12. O-O {[%clk 0:02:55]} Nc6 {[%clk 0:01:43]} 13. Bb3
{[%clk 0:02:46]} Kh8 {[%clk 0:01:37]} 14. Qe2 {[%clk 0:02:26]} Nd4
{[%clk 0:01:19]} 15. Bxd4 {[%clk 0:02:04]} exd4 {[%clk 0:01:20]} 16. Na2
{[%clk 0:02:04]} e5 {[%clk 0:01:05]} 17. Nb4 {[%clk 0:02:03]} Rac8
{[%clk 0:00:57]} 18. Nd5 {[%clk 0:01:56]} Nxd5 {[%clk 0:00:42]} 19. Bxd5
{[%clk 0:01:56]} Qc7 {[%clk 0:00:40]} 20. Bb3 {[%clk 0:01:41]} Qc5
{[%clk 0:00:19]} 21. Rfd1 {[%clk 0:01:39]} Rf6 {[%clk 0:00:11]} 22. Rd3
{[%clk 0:01:36]} Rcf8 {[%clk 0:00:12]} 23. f3 {[%clk 0:01:37]} Rh6
{[%clk 0:00:09]} 24. c3 {[%clk 0:01:21]} Bg5 {[%clk 0:00:05]} 25. cxd4
{[%clk 0:01:12]} exd4 {[%clk 0:00:06]} 26. g3 {[%clk 0:00:57]} Be3+
{[%clk 0:00:07]} 27. Kg2 {[%clk 0:00:58]} Rc8 {[%clk 0:00:07]} 28. Rad1
{[%clk 0:00:39]} Qb4 {[%clk 0:00:07]} 29. Bd5 {[%clk 0:00:21]} b5
{[%clk 0:00:05]} 30. axb5 {[%clk 0:00:21]} axb5 {[%clk 0:00:06]} 31. Bb3
{[%clk 0:00:15]} Qc5 {[%clk 0:00:06]} 32. Ra1 {[%clk 0:00:15]} Qh5
{[%clk 0:00:06]} 33. Kh1 {[%clk 0:00:09]} Qh3 {[%clk 0:00:06]} 34. Qg2
{[%clk 0:00:06]} Qxg2+ {[%clk 0:00:06]} 35. Kxg2 {[%clk 0:00:07]} Rb8
{[%clk 0:00:04]} 36. Rad1 {[%clk 0:00:07]} Rc8 {[%clk 0:00:05]} 37. Ra1
{[%clk 0:00:08]} Rb8 {[%clk 0:00:06]} 38. Rad1 {[%clk 0:00:07]} Rc8
{[%clk 0:00:08]} 39. Ra1 1/2-1/2

[Event "D14blitz"]
[Site "?"]
[Date "2020.08.27"]
[Round "10.5"]
[White "Zabrzanska, Weronika"]
[Black "Obrochta, Lena"]
[Result "1-0"]
[BlackElo "1517"]
[WhiteElo "1634"]
[LiveChessVersion "1.4.4"]

1. e4 c5 2. Nf3 e6 3. d4 cxd4 4. Nxd4 a6 5. c4 Nf6 6. Nc3 Qc7 7. f3 d6 8. Be3 Be7
9. Be2 O-O 10. O-O Nbd7 11. b4 b6 12. a4 Ne5 13. Qb3 Bd7 14. Rfc1 Rac8 15. a5
bxa5 16. Rxa5 Nxc4 17. Bxc4 Qxc4 18. Nd5 Qxc1+ 19. Bxc1 Rxc1+ 20. Kf2 exd5 21.
exd5 Bb5 22. Nxb5 axb5 23. Rxb5 Rfc8 24. g4 h5 25. h3 h4 26. Qa4 R1c2+ 27. Ke3
R2c3+ 28. Kd2 Rxf3 29. Qa6 Re8 30. Qc6 Rxh3 31. Ra5 Rh2+ 32. Kd3 Rb2 33. Kc3 Rb1
34. Kc2 Rxb4 35. Ra8 Rxa8 36. Qxa8+ Kh7 37. g5 Nh5 38. Qe8 Bxg5 39. Qxf7 Nf6 40.
Qe6 Re4 41. Qxd6 h3 42. Qh2 Rh4 43. d6 Kh6 44. Kb3 Kh5 45. Qe2+ Rg4 46. Qh2 Kh4
47. Qf2+ Rg3+ 48. Qd4+ Rg4 49. Qf2+ Kh5 50. Qh2 Nd7 51. Qxh3+ Bh4 52. Qf3 Kg5 53.
Qd5+ Kf4 54. Qf7+ Kg3 55. Qxd7 g5 56. Qxg4+ Kxg4 57. d7 Kh3 1-0

[Event "D14blitz"]
[Site "?"]
[Date "2020.08.27"]
[Round "10.6"]
[White "Lajdamik, Anna"]
[Black "Bukala, Weronika"]
[Result "1-0"]
[BlackElo "1251"]
[WhiteElo "1333"]
[LiveChessVersion "1.4.4"]

1. e4 Nf6 2. Nc3 d5 3. exd5 Nxd5 4. Nf3 Bg4 5. Bc4 Nxc3 6. bxc3 Nc6 7. O-O e6 8.
Rb1 Rb8 9. Bb5 Qd6 10. d4 a6 11. Ba4 Be7 12. Re1 O-O 13. h3 Bh5 14. Qe2 Qd5 15.
Bxc6 Qxc6 16. c4 Bxf3 17. gxf3 Rfd8 18. d5 Qd6 19. dxe6 fxe6 20. Qe4 Rf8 21. Bb2
Bf6 22. Rbd1 Qe7 23. Bxf6 Qxf6 24. Qxe6+ Qxe6 25. Rxe6 Rxf3 26. Re7 Rxh3 27. Rxc7
Rc3 28. Rdd7 Rxc2 29. Rxg7+ Kf8 30. Rxh7 Kg8 31. Rhg7+ Kh8 32. Rxb7 Rc8 33. Rgc7
Rg8+ 34. Kf1 Re8 35. Rh7+ Kg8 36. Rhg7+ Kh8 37. Rge7 Rd8 38. Rbd7 Rc8 39. Rc7 Rd8
40. c5 Rxa2 41. c6 Rf8 42. Rf7 Rd8 43. Rcd7 Rc8 44. c7 Rc2 45. Rd8+ 1-0

[Event "D14blitz"]
[Site "?"]
[Date "2020.08.27"]
[Round "10.7"]
[White "Grzesik, Nikola"]
[Black "Egeman, Emilia"]
[Result "1/2-1/2"]
[BlackElo "1214"]
[WhiteElo "1223"]
[LiveChessVersion "1.4.4"]

1. c4 {[%clk 0:03:03]} Nf6 {[%clk 0:03:02]} 2. Nc3 {[%clk 0:03:04]} e6
{[%clk 0:03:03]} 3. g3 {[%clk 0:03:05]} d5 {[%clk 0:03:02]} 4. cxd5
{[%clk 0:03:06]} Nxd5 {[%clk 0:03:03]} 5. Bg2 {[%clk 0:03:06]} Be7
{[%clk 0:02:53]} 6. d3 {[%clk 0:03:04]} O-O {[%clk 0:02:52]} 7. Bd2
{[%clk 0:03:05]} c5 {[%clk 0:02:48]} 8. Nf3 {[%clk 0:02:57]} Nc6 {[%clk 0:02:48]}
9. O-O {[%clk 0:02:57]} b6 {[%clk 0:02:44]} 10. a3 Bb7 {[%clk 0:02:43]} 11. Qc2
{[%clk 0:02:53]} Rc8 {[%clk 0:02:26]} 12. b3 {[%clk 0:02:33]} Nd4
{[%clk 0:02:23]} 13. Qd1 {[%clk 0:02:25]} Bf6 {[%clk 0:02:05]} 14. Rc1
{[%clk 0:02:13]} Qe7 {[%clk 0:01:56]} 15. Ne4 {[%clk 0:02:04]} Nxf3+
{[%clk 0:01:43]} 16. Bxf3 {[%clk 0:02:02]} Be5 {[%clk 0:01:41]} 17. a4
{[%clk 0:01:56]} f5 {[%clk 0:01:36]} 18. Nc3 {[%clk 0:01:55]} Nb4
{[%clk 0:01:28]} 19. Nb5 {[%clk 0:01:39]} Bxf3 {[%clk 0:01:14]} 20. exf3
{[%clk 0:01:40]} a6 {[%clk 0:01:05]} 21. Bc3 {[%clk 0:01:29]} Na2
{[%clk 0:00:30]} 22. Rc2 {[%clk 0:01:05]} Nxc3 {[%clk 0:00:31]} 23. Nxc3
{[%clk 0:01:06]} Qf6 {[%clk 0:00:29]} 24. Ne2 {[%clk 0:01:05]} Rfd8
{[%clk 0:00:29]} 25. f4 {[%clk 0:00:54]} Bc7 {[%clk 0:00:24]} 26. Nc3
{[%clk 0:00:49]} Rd7 {[%clk 0:00:21]} 27. Qf3 {[%clk 0:00:48]} Rcd8
{[%clk 0:00:21]} 28. Rd1 {[%clk 0:00:47]} Bb8 {[%clk 0:00:20]} 29. Kg2
{[%clk 0:00:42]} Rd4 {[%clk 0:00:21]} 30. Ne2 {[%clk 0:00:39]} R4d7
{[%clk 0:00:21]} 31. Nc3 {[%clk 0:00:39]} Rd4 {[%clk 0:00:18]} 32. Ne2
{[%clk 0:00:40]} R4d7 {[%clk 0:00:19]} 33. Nc3 {[%clk 0:00:39]} 1/2-1/2

[Event "D14blitz"]
[Site "?"]
[Date "2020.08.27"]
[Round "11.1"]
[White "Barwinska, Ewa"]
[Black "Lajdamik, Anna"]
[Result "1-0"]
[BlackElo "1333"]
[WhiteElo "1517"]
[LiveChessVersion "1.4.4"]

1. e4 {[%clk 0:03:03]} c6 {[%clk 0:03:03]} 2. d4 {[%clk 0:03:04]} d5
{[%clk 0:03:04]} 3. Nc3 {[%clk 0:03:05]} dxe4 {[%clk 0:03:04]} 4. Nxe4
{[%clk 0:03:06]} Nf6 {[%clk 0:03:06]} 5. Nxf6+ {[%clk 0:03:07]} gxf6
{[%clk 0:03:06]} 6. Nf3 {[%clk 0:03:08]} Bg4 {[%clk 0:03:07]} 7. Be2
{[%clk 0:03:06]} e6 {[%clk 0:03:08]} 8. Be3 {[%clk 0:03:06]} Nd7 {[%clk 0:03:05]}
9. Qd2 {[%clk 0:03:04]} Qc7 {[%clk 0:03:06]} 10. O-O-O {[%clk 0:02:57]} O-O-O
{[%clk 0:03:04]} 11. h3 {[%clk 0:02:56]} Bf5 {[%clk 0:03:03]} 12. Bd3
{[%clk 0:02:15]} Bxd3 {[%clk 0:02:58]} 13. Qxd3 {[%clk 0:02:16]} Be7
{[%clk 0:02:56]} 14. Qe2 {[%clk 0:02:13]} f5 {[%clk 0:02:54]} 15. g3
{[%clk 0:02:10]} Nf6 {[%clk 0:02:52]} 16. Ne5 {[%clk 0:02:04]} Bd6
{[%clk 0:02:50]} 17. Bg5 {[%clk 0:02:01]} Qe7 {[%clk 0:02:39]} 18. Rhe1
{[%clk 0:01:51]} h6 {[%clk 0:02:39]} 19. Bf4 {[%clk 0:01:43]} Nd5
{[%clk 0:02:33]} 20. Bd2 {[%clk 0:01:35]} f6 {[%clk 0:02:18]} 21. Nc4
{[%clk 0:01:36]} Rhe8 {[%clk 0:02:09]} 22. Bxh6 {[%clk 0:01:29]} e5
{[%clk 0:02:00]} 23. Qf3 {[%clk 0:01:10]} Qf7 {[%clk 0:01:43]} 24. Qxf5+
{[%clk 0:01:00]} Kb8 {[%clk 0:01:24]} 25. Nxd6 {[%clk 0:01:00]} Rxd6
{[%clk 0:01:25]} 26. dxe5 {[%clk 0:01:00]} Rde6 {[%clk 0:01:20]} 27. Bf4
{[%clk 0:00:58]} Ka8 {[%clk 0:01:10]} 28. g4 {[%clk 0:00:27]} Qe7
{[%clk 0:01:08]} 29. Qe4 {[%clk 0:00:19]} Qc5 {[%clk 0:00:52]} 30. Be3
{[%clk 0:00:19]} Qb5 {[%clk 0:00:41]} 31. Qd3 {[%clk 0:00:16]} Qa5
{[%clk 0:00:31]} 32. Qb3 {[%clk 0:00:15]} Rxe5 {[%clk 0:00:23]} 33. a3
{[%clk 0:00:11]} Rh8 {[%clk 0:00:12]} 34. Bd2 {[%clk 0:00:08]} Qc5
{[%clk 0:00:09]} 35. Rxe5 {[%clk 0:00:07]} fxe5 {[%clk 0:00:10]} 36. Be3
{[%clk 0:00:06]} Qe7 {[%clk 0:00:11]} 37. Qa4 {[%clk 0:00:06]} b5
{[%clk 0:00:07]} 38. Qb3 {[%clk 0:00:05]} Rxh3 {[%clk 0:00:06]} 39. Qd3
{[%clk 0:00:05]} e4 {[%clk 0:00:04]} 40. Qd4 {[%clk 0:00:06]} Rf3
{[%clk 0:00:04]} 41. Qh8+ {[%clk 0:00:06]} Kb7 {[%clk 0:00:05]} 42. Qd4
{[%clk 0:00:06]} Rf7 {[%clk 0:00:05]} 43. Qxa7+ {[%clk 0:00:06]} Kc8
{[%clk 0:00:06]} 44. Qa8+ {[%clk 0:00:07]} Kd7 {[%clk 0:00:07]} 45. Qb7+
{[%clk 0:00:07]} Kd8 {[%clk 0:00:08]} 46. Bb6+ {[%clk 0:00:08]} Ke8
{[%clk 0:00:09]} 47. Qc8+ {[%clk 0:01:07]} Qd8 {[%clk 0:00:09]} 48. Qxd8#
{[%clk 0:01:08]} 1-0

[Event "D14blitz"]
[Site "?"]
[Date "2020.08.27"]
[Round "11.2"]
[White "Janikowska, Wiktoria"]
[Black "Siekanska, Maria"]
[Result "0-1"]
[BlackElo "1530"]
[WhiteElo "1314"]
[LiveChessVersion "1.4.4"]

1. d4 {[%clk 0:03:02]} d5 {[%clk 0:03:03]} 2. Nf3 {[%clk 0:03:03]} e6
{[%clk 0:03:05]} 3. g3 {[%clk 0:03:04]} c5 {[%clk 0:03:06]} 4. Bg2
{[%clk 0:03:05]} Nc6 {[%clk 0:03:07]} 5. c3 {[%clk 0:03:05]} Nf6 {[%clk 0:03:07]}
6. O-O {[%clk 0:03:05]} Be7 {[%clk 0:03:08]} 7. Bf4 {[%clk 0:02:57]} O-O
{[%clk 0:03:06]} 8. Nbd2 {[%clk 0:02:52]} b6 {[%clk 0:03:01]} 9. Ne5
{[%clk 0:02:44]} Bb7 {[%clk 0:02:58]} 10. Nxc6 {[%clk 0:02:17]} Bxc6
{[%clk 0:02:57]} 11. Re1 {[%clk 0:02:10]} Nh5 {[%clk 0:02:38]} 12. Be3
{[%clk 0:02:03]} Qc7 {[%clk 0:02:12]} 13. Bf3 {[%clk 0:01:46]} Nf6
{[%clk 0:02:07]} 14. Bf4 {[%clk 0:01:18]} Qb7 {[%clk 0:01:58]} 15. e4
{[%clk 0:01:02]} dxe4 {[%clk 0:01:53]} 16. Bg2 {[%clk 0:00:57]} cxd4
{[%clk 0:01:51]} 17. cxd4 {[%clk 0:00:57]} Rfd8 {[%clk 0:01:29]} 18. Be5
{[%clk 0:00:55]} Nd7 {[%clk 0:01:15]} 19. Qe2 {[%clk 0:00:29]} Nxe5
{[%clk 0:01:15]} 20. dxe5 {[%clk 0:00:30]} Bb4 {[%clk 0:01:02]} 21. Rad1
{[%clk 0:00:27]} Rd7 {[%clk 0:00:59]} 22. a3 {[%clk 0:00:25]} Bxd2
{[%clk 0:00:57]} 23. Rxd2 {[%clk 0:00:24]} Rad8 {[%clk 0:00:56]} 24. Rxd7
{[%clk 0:00:22]} Qxd7 {[%clk 0:00:43]} 25. Bxe4 {[%clk 0:00:22]} Bxe4 26. Qxe4
{[%clk 0:00:23]} Qb5 {[%clk 0:00:33]} 27. Re2 {[%clk 0:00:20]} g6
{[%clk 0:00:28]} 28. Rc2 {[%clk 0:00:19]} Rd1+ {[%clk 0:00:24]} 29. Kg2
{[%clk 0:00:19]} Qf1+ {[%clk 0:00:25]} 30. Kf3 {[%clk 0:00:19]} Qh1+
{[%clk 0:00:23]} 31. Kf4 {[%clk 0:00:20]} g5+ {[%clk 0:00:23]} 32. Kxg5
{[%clk 0:00:17]} Qxe4 {[%clk 0:00:21]} 0-1

[Event "D14blitz"]
[Site "?"]
[Date "2020.08.27"]
[Round "11.3"]
[White "Starosta, Martyna"]
[Black "Zabrzanska, Weronika"]
[Result "1/2-1/2"]
[BlackElo "1634"]
[WhiteElo "1722"]
[LiveChessVersion "1.4.4"]

1. e4 {[%clk 0:03:02]} e5 {[%clk 0:03:04]} 2. Nf3 {[%clk 0:03:03]} Nc6
{[%clk 0:03:05]} 3. Bb5 {[%clk 0:03:05]} Nge7 {[%clk 0:03:06]} 4. Nc3
{[%clk 0:03:06]} g6 {[%clk 0:03:06]} 5. d4 {[%clk 0:03:07]} exd4 {[%clk 0:03:03]}
6. Nd5 {[%clk 0:03:08]} Nxd5 {[%clk 0:03:01]} 7. exd5 {[%clk 0:03:09]} Qe7+
{[%clk 0:03:01]} 8. Be2 {[%clk 0:03:08]} Ne5 {[%clk 0:03:00]} 9. Nxd4
{[%clk 0:03:09]} Bg7 {[%clk 0:03:01]} 10. O-O {[%clk 0:03:09]} O-O
{[%clk 0:02:58]} 11. f4 {[%clk 0:03:08]} Nc4 {[%clk 0:02:56]} 12. Bxc4
{[%clk 0:03:00]} Qc5 {[%clk 0:02:57]} 13. Bb3 {[%clk 0:02:26]} Qxd4+
{[%clk 0:02:48]} 14. Qxd4 {[%clk 0:02:23]} Bxd4+ {[%clk 0:02:48]} 15. Kh1
{[%clk 0:02:25]} d6 {[%clk 0:02:47]} 16. c3 {[%clk 0:02:24]} Bg7 {[%clk 0:02:47]}
17. Bc2 {[%clk 0:02:19]} Re8 {[%clk 0:02:37]} 18. Bd3 {[%clk 0:02:17]} Bg4
{[%clk 0:02:19]} 19. Bd2 {[%clk 0:01:45]} Be2 {[%clk 0:02:18]} 20. Bxe2
{[%clk 0:01:45]} Rxe2 {[%clk 0:02:19]} 21. Rad1 {[%clk 0:01:46]} Rae8
{[%clk 0:02:16]} 22. Kg1 {[%clk 0:01:44]} f5 {[%clk 0:02:13]} 23. Rf2
{[%clk 0:01:27]} R2e4 {[%clk 0:02:11]} 24. Kf1 {[%clk 0:01:16]} Kf7
{[%clk 0:02:01]} 25. h3 {[%clk 0:01:04]} Bf6 {[%clk 0:01:51]} 26. g4
{[%clk 0:00:50]} fxg4 {[%clk 0:01:12]} 27. hxg4 {[%clk 0:00:51]} h5
{[%clk 0:01:13]} 28. g5 {[%clk 0:00:47]} Bg7 {[%clk 0:01:04]} 29. Re1
{[%clk 0:00:33]} c6 {[%clk 0:00:40]} 30. dxc6 {[%clk 0:00:32]} bxc6
{[%clk 0:00:38]} 31. Rxe4 {[%clk 0:00:22]} Rxe4 {[%clk 0:00:39]} 32. Re2
{[%clk 0:00:21]} Rxe2 {[%clk 0:00:33]} 33. Kxe2 {[%clk 0:00:23]} Ke6
{[%clk 0:00:34]} 34. Kf3 {[%clk 0:00:21]} d5 {[%clk 0:00:25]} 35. Be3
{[%clk 0:00:20]} a6 {[%clk 0:00:24]} 36. Bc5 {[%clk 0:00:18]} Kf7
{[%clk 0:00:14]} 37. Be3 {[%clk 0:00:15]} Ke6 {[%clk 0:00:14]} 38. Bf2
{[%clk 0:00:16]} Kf5 {[%clk 0:00:11]} 39. Be1 {[%clk 0:00:13]} Bf8
{[%clk 0:00:11]} 40. b3 {[%clk 0:00:13]} Bd6 {[%clk 0:00:10]} 41. Bd2
{[%clk 0:00:12]} Bc5 {[%clk 0:00:10]} 42. c4 {[%clk 0:00:12]} dxc4
{[%clk 0:00:09]} 43. bxc4 {[%clk 0:00:13]} Bd6 {[%clk 0:00:07]} 44. Be3
{[%clk 0:00:14]} c5 {[%clk 0:00:06]} 45. Bd2 {[%clk 0:00:15]} Bf8
{[%clk 0:00:05]} 46. Bc3 {[%clk 0:00:14]} Bd6 {[%clk 0:00:06]} 47. Bd2
{[%clk 0:00:16]} Bf8 {[%clk 0:00:07]} 48. a4 {[%clk 0:00:12]} Bd6
{[%clk 0:00:08]} 49. Bc1 {[%clk 0:00:13]} Bc7 {[%clk 0:00:08]} 50. Bd2
{[%clk 0:00:13]} Bd6 {[%clk 0:00:09]} 51. Be3 {[%clk 0:00:07]} Be7
{[%clk 0:00:10]} 52. Bf2 {[%clk 0:00:07]} Bd6 {[%clk 0:00:11]} 53. Be3
{[%clk 0:00:06]} Be7 {[%clk 0:00:11]} 54. Bd2 {[%clk 0:00:04]} Bd6
{[%clk 0:00:06]} 55. Be3 {[%clk 0:00:05]} Ke5 56. Ke4+ 1/2-1/2

[Event "D14blitz"]
[Site "?"]
[Date "2020.08.27"]
[Round "11.4"]
[White "Rejniak, Zuzanna"]
[Black "Giemza, Julia"]
[Result "1-0"]
[BlackElo "1284"]
[WhiteElo "1587"]
[LiveChessVersion "1.4.4"]

1. e4 {[%clk 0:03:04]} c5 {[%clk 0:03:03]} 2. Nf3 {[%clk 0:03:05]} e6
{[%clk 0:03:04]} 3. d4 {[%clk 0:03:06]} cxd4 {[%clk 0:03:06]} 4. Nxd4
{[%clk 0:03:07]} Qb6 {[%clk 0:03:07]} 5. Nb5 {[%clk 0:02:49]} Bc5
{[%clk 0:02:44]} 6. Qf3 {[%clk 0:02:21]} Nc6 {[%clk 0:02:12]} 7. Bf4
{[%clk 0:01:37]} e5 {[%clk 0:01:50]} 8. Be3 {[%clk 0:01:39]} Bxe3
{[%clk 0:01:39]} 9. Qxe3 {[%clk 0:01:40]} Qxe3+ {[%clk 0:01:31]} 10. fxe3
{[%clk 0:01:41]} Ke7 {[%clk 0:01:26]} 11. N1c3 {[%clk 0:01:41]} a6
{[%clk 0:01:20]} 12. Nd5+ {[%clk 0:01:41]} Kf8 {[%clk 0:01:09]} 13. Nd6
{[%clk 0:01:15]} Nge7 {[%clk 0:00:56]} 14. Nb6 {[%clk 0:01:01]} Rb8
{[%clk 0:00:57]} 15. Ndxc8 {[%clk 0:00:57]} Nxc8 {[%clk 0:00:54]} 16. Nxd7+
{[%clk 0:00:58]} Ke7 {[%clk 0:00:55]} 17. Nxb8 {[%clk 0:00:58]} Nxb8
{[%clk 0:00:56]} 18. O-O-O {[%clk 0:00:57]} Nd6 {[%clk 0:00:56]} 19. Bd3
{[%clk 0:00:57]} Nc6 {[%clk 0:00:57]} 20. c3 {[%clk 0:00:55]} b5 {[%clk 0:00:56]}
21. Rhf1 {[%clk 0:00:48]} f6 {[%clk 0:00:57]} 22. Rd2 {[%clk 0:00:45]} Rc8
{[%clk 0:00:55]} 23. Kb1 {[%clk 0:00:39]} Nb7 {[%clk 0:00:49]} 24. Rfd1
{[%clk 0:00:39]} Nc5 {[%clk 0:00:50]} 25. Bc2 {[%clk 0:00:36]} Rc7
{[%clk 0:00:48]} 26. b4 {[%clk 0:00:33]} Ne6 {[%clk 0:00:47]} 27. Kb2
{[%clk 0:00:32]} Ncd8 {[%clk 0:00:38]} 28. Bb3 {[%clk 0:00:26]} Nb7
{[%clk 0:00:37]} 29. Bd5 {[%clk 0:00:16]} Nd6 {[%clk 0:00:34]} 30. Bxe6
{[%clk 0:00:17]} Kxe6 {[%clk 0:00:33]} 31. Rxd6+ {[%clk 0:00:18]} Ke7
{[%clk 0:00:35]} 32. Rxa6 {[%clk 0:00:19]} 1-0

[Event "D14blitz"]
[Site "?"]
[Date "2020.08.27"]
[Round "11.5"]
[White "Egeman, Emilia"]
[Black "Mroz, Lena"]
[Result "0-1"]
[BlackElo "1609"]
[WhiteElo "1214"]
[LiveChessVersion "1.4.4"]

1. e4 c5 2. Nf3 Nc6 3. Nc3 a6 4. d4 cxd4 5. Nxd4 Qb6 6. Nb3 Nf6 7. Be3 Qc7 8. f3
e6 9. Be2 Be7 10. Qd2 b5 11. Nc5 d6 12. Nd3 Bb7 13. O-O O-O 14. Nf4 Rfd8 15. Rad1
Rac8 16. a3 Ne5 17. Nh3 Nc4 18. Bxc4 Qxc4 19. Kh1 Qc7 20. g4 Nd7 21. Qf2 Re8 22.
g5 Nc5 23. Rg1 Qc6 24. Rg4 Nd7 25. Nf4 Ne5 26. Rg3 a5 27. h4 b4 28. axb4 axb4 29.
Nb1 Qxc2 30. Bd2 Qxd1+ 31. Rg1 Qxf3+ 32. Qxf3 Nxf3 33. Rg2 Nxd2 34. Rxd2 Bxe4+
35. Kh2 Bxb1 0-1

[Event "D14blitz"]
[Site "?"]
[Date "2020.08.27"]
[Round "11.6"]
[White "Pawicka, Magdalena"]
[Black "Grzesik, Nikola"]
[Result "1-0"]
[BlackElo "1223"]
[WhiteElo "1597"]
[LiveChessVersion "1.4.4"]

1. e4 c5 2. Nf3 Nc6 3. d4 cxd4 4. Nxd4 g6 5. c4 Bg7 6. Be3 d6 7. Nc3 Nf6 8. Be2
O-O 9. O-O Bd7 10. Rb1 Rc8 11. b3 a6 12. Qd2 Qc7 13. Rbc1 Nxd4 14. Bxd4 e5 15.
Be3 Bc6 16. f3 Qe7 17. Rfd1 Rfd8 18. Bb6 Rd7 19. b4 Qe6 20. b5 axb5 21. cxb5 Rb8
22. bxc6 bxc6 23. Be3 Nh5 24. Rb1 Rxb1 25. Rxb1 f6 26. Bd1 Kf8 27. Rb8+ Kf7 28.
Bb3 d5 29. exd5 cxd5 30. Bxd5 Rxd5 31. Qxd5 Qxd5 32. Nxd5 Bf8 33. Rb7+ Kg8 34. a4
Ng7 35. Nxf6+ Kh8 36. Rb8 Ne6 37. a5 Kg7 38. Nd7 Bd6 39. Rb6 Bc5 1-0